000 00263nam a2200109Ia 4500
008 190919s9999||||xx |||||||||||||| ||und||
100 _aSitagita Speaks
245 0 _aCorporate etiquette
260 _aNew Delhi
_bPrentice Hall
_c1996
300 _a560
942 _cBK
999 _c10630
_d10630